Spelling for writing : (Record no. 112851)
[ view plain ]
| 000 -LEADER | |
|---|---|
| fixed length control field | 00578nam a2200181 a 4500 |
| 001 - CONTROL NUMBER | |
| control field | 2218 |
| 005 - DATE AND TIME OF LATEST TRANSACTION | |
| control field | 20140414131953.0 |
| 008 - FIXED-LENGTH DATA ELEMENTS--GENERAL INFORMATION | |
| fixed length control field | 001111s19uu xx 00 eng d |
| 020 ## - INTERNATIONAL STANDARD BOOK NUMBER | |
| International Standard Book Number | 0-675-04406-5 |
| 050 ## - LIBRARY OF CONGRESS CALL NUMBER | |
| Classification number | TR 420.7 |
| Item number | H73 1976 |
| 100 ## - MAIN ENTRY--PERSONAL NAME | |
| Personal name | Hillerich, Robert L. |
| 245 ## - TITLE STATEMENT | |
| Title | Spelling for writing : |
| Remainder of title | The merril spelling program / |
| Statement of responsibility, etc | Robert L. Hillerich, Sharon Gould. |
| 260 ## - PUBLICATION, DISTRIBUTION, ETC. (IMPRINT) | |
| Place of publication, distribution, etc | Columbus, Ohio : |
| Name of publisher, distributor, etc | Charles Merrill Pub. Co, |
| Date of publication, distribution, etc | 1976. |
| 300 ## - PHYSICAL DESCRIPTION | |
| Extent | 174 p. ; col. ; ill. |
| 650 ## - SUBJECT ADDED ENTRY--TOPICAL TERM | |
| Topical term or geographic name as entry element | English language -- spelling -- study and teaching |
| Withdrawn status | Lost status | Damaged status | Home library | Current library | Shelving location | Date acquired | Source of acquisition | Total Checkouts | Full call number | Barcode | Date last seen | Price effective from | Koha item type |
|---|---|---|---|---|---|---|---|---|---|---|---|---|---|
| Munich Library | Munich Library | Teachers Reference Section | 05/26/2005 | TR 420.7 H73 1976 | M4253 | 04/14/2014 | 04/14/2014 | Books | |||||
| Munich Library | Munich Library | Teachers Reference Section | 02/03/2011 | TR 420.7 H73 1976 | M4242 | 04/14/2014 | 04/14/2014 | Books |